[Pamätná izba Boženy Slančíkovej-Timravy v Ábelovej]

Zobrazenie: Pamätná izba Boženy Slančíkovej-Timravy inštalovaná v budove bývalej školy v Ábelovej, kde pôsobila. Záber z expozície počas otvorenia 1.10.1967.

Bibliographic Details
Format: Photo
Language:Slovak
PhysicalDescription:1 fotografia čb 12 x 18 cm
Published: [S.l. s.n.] 1967
Subjects:

MARC

LEADER 00000ckmaa2200000 a 4500
001 vtls011603535
003 SK-MaSNL
005 20260302015240.0
007 kh bo
008 230802e1967 xo | |0 knslo|
035 |a C8B15ED2-D38B-48ED-AC3D-D4CC640910A7 
035 |a urn:nbn:sk:snk-km43j9t 
035 |a urn:nbn:sk:snk-km00e4qg 
040 |a SNKLA  |b slo  |c SNKLA  |e AACR2 
041 0 |a slo 
044 |a xo  |c SK 
245 0 0 |a [Pamätná izba Boženy Slančíkovej-Timravy v Ábelovej]  |h grafika 
260 |a [S.l.  |b s.n.]  |c 1967 
300 |a 1 fotografia  |b čb  |c 12 x 18 cm 
520 2 |a Zobrazenie: Pamätná izba Boženy Slančíkovej-Timravy inštalovaná v budove bývalej školy v Ábelovej, kde pôsobila. Záber z expozície počas otvorenia 1.10.1967. 
600 0 7 |a Timrava,  |d 1867-1951  |2 SNKMA  |9 37213 
650 0 7 |a pamätné izby  |2 SNKPH  |9 75717 
651 7 |a Ábelová (Slovensko)  |2 SNKPH  |9 108538 
655 7 |a fotografie  |2 SNKPH  |9 70713 
852 7 |a Slovenská národná knižnica  |b Literárny archív 
958 |a ZO 
958 |a BLA 
999 |c 1020321  |d 1022251 
952 |a SNKLA  |b SNKLA  |c SNKLA_DEP  |y NEVYP  |7 0  |p 17A1008663  |o snkK 21/174  |i snkLA 1447/1968  |0 0  |1 0  |4 0  |d 2017-01-12  |f 1  |l 0  |r 2026-02-24 13:21:50  |w 2026-02-24